Histoire des papes / (Record no. 170555)

MARC details
000 -LEADER
campo de control de longitud fija 00601nam a22001815i 4500
001 - NÚMERO DE CONTROL
campo de control 170555
003 - IDENTIFICADOR DE NÚMERO DE CONTROL
campo de control ES-MaACL
005 - FECHA Y HORA DE LA ÚLTIMA TRANSACCIÓN
campo de control 20230906214409.0
008 - DATOS DE LONGITUD FIJA--INFORMACIÓN GENERAL
campo de control de longitud fija 090316s1964 fr |||| | fre d
080 ## - NÚMERO DE LA CLASIFICACIÓN DECIMAL UNIVERSAL
Número de la Clasificación Decimal Universal 262.13(091)
100 0# - ENTRADA PRINCIPAL--NOMBRE DE PERSONA
Nombre de persona Dominique, Pierre.
9 (RLIN) 45262
245 10 - MENCIÓN DEL TÍTULO
Título Histoire des papes /
Mención de responsabilidad, etc. par Pierre Dominique.
260 ## - PUBLICACIÓN, DISTRIBUCIÓN, ETC.
Lugar de publicación, distribución, etc. Paris :
Nombre del editor, distribuidor, etc. Crapouillot,
Fecha de publicación, distribución, etc. 1964.
300 ## - DESCRIPCIÓN FÍSICA
Extensión 67 p. :
Otras características físicas il. ;
Dimensiones 32 cm.
500 ## - NOTA GENERAL
Nota general Es el nº 64 de la revista Crapouillot, de abril de 1964.
650 14 - PUNTO DE ACCESO ADICIONAL DE MATERIA--TÉRMINO DE MATERIA
Término de materia o nombre geográfico como elemento de entrada Papas-
Subdivisión general Historia.
9 (RLIN) 15819
852 ## - LOCALIZACIÓN
Ubicación ES-MaACL
Número de control de estantería 2278-F-1
itemnumber R.141192
Nota libre .- Biblioteca Jacinto Martínez Lacalle
Holdings
Estatus retirado Estado de pérdida Estado de daño No para préstamo Colección Biblioteca de origen Biblioteca actual Ubicación en estantería Fecha de adquisición Fuente de adquisición Total de préstamos Signatura topográfica completa Código de barras Visto por última vez Precio de reemplazo Tipo de ítem Koha
        Colección de folletos Biblioteca del Ateneo de Madrid Biblioteca del Ateneo de Madrid Depósito folletos 16/03/2009     2278-F-1 1178987 23/02/2023 23/02/2023 Folleto